00482pab a2200157 454500008004000000100001600040245005900056260000900115300001100124362000900135650003100144773001800175909001000193999001700203952010400220180718b1990 xxu||||| |||| 00| 0 eng d aMiron, J.R. aSecurity of tenure, costly tenants and rent regulation c1990 a167-84 aApr. aRent - Regulation - Canada aUrban Studies a17722 c17722d17722 00104070aIIPAbIIPAd2018-07-19hVolume no: 27, Issue no: 2pAR17784r2018-07-19w2018-07-19yAR